[Event "noroc2021"]
[Site "http://www.queenalice.com/game.php?id=1774843"]
[Date "2021.11.15"]
[Round "5"]
[White "pizzaiolo72"]
[Black "RobertD"]
[Result "1-0"]
[WhiteElo "2130"]
[BlackElo "1973"]

1. e4 e5 2. f4 exf4 3. Nf3 d5 4. exd5 Qxd5 5. Nc3 Qd8 6. d4 Bd6 7. Bc4 Qe7+ 8.
Qe2 Qxe2+ 9. Nxe2 Bf5 10. c3 f6 11. Bxf4 Nc6 12. Bxd6 cxd6 13. Ng3 Bg6 14. O-O
Nge7 15. d5 Ne5 16. Nxe5 fxe5 17. Bb5+ Kd8 18. c4 Kc7 19. Ba4 Bd3 20. Rf7 Kd8
21. Rxg7 Bxc4 22. Ne4 b5 23. Nxd6 Rg8 24. Rxh7 Bxd5 25. Bxb5 Rxg2+ 26. Kf1 Rg8
27. Rd1 Rf8+ 28. Ke1 Rb8 29. Rxd5 1-0

[Event "AUTO-OPEN-4324"]
[Site "http://www.queenalice.com/game.php?id=1775154"]
[Date "2021.11.19"]
[Round "1"]
[White "DAlessandro"]
[Black "RobertD"]
[Result "0-1"]
[WhiteElo "1837"]
[BlackElo "1963"]

1. c4 g6 2. Nc3 Bg7 3. Qc2 Nc6 4. e3 d6 5. Nf3 e5 6. d3 Nf6 7. Be2 Be6 8. O-O
Qd7 9. Bd2 Ng4 10. a3 f5 11. Rac1 O-O-O 12. b4 Bf6 13. b5 Nb8 14. h3 h5 15. hxg4
hxg4 0-1

[Event "AUTO-OPEN-4324"]
[Site "http://www.queenalice.com/game.php?id=1775155"]
[Date "2021.11.19"]
[Round "1"]
[White "RobertD"]
[Black "DAlessandro"]
[Result "1-0"]
[WhiteElo "1974"]
[BlackElo "1823"]

1. e4 c5 2. Nf3 d6 3. Bc4 Nc6 4. d4 cxd4 5. Nxd4 Bd7 6. Be3 e6 7. Nc3 a6 8. a3
Rc8 9. O-O Nf6 10. Qe2 e5 11. Nxc6 Bxc6 12. f3 b5 13. Bb3 Be7 14. Qf2 O-O 15.
Bb6 Qd7 16. Rad1 Bb7 17. Nd5 Bxd5 18. Bxd5 Nxd5 19. Rxd5 Qc6 20. c3 Bd8 21. Be3
Qc4 22. Rxd6 a5 23. Rd5 Bf6 24. Rfd1 Rfd8 25. Rxd8+ Bxd8 26. Rd5 Bf6 27. Qd2 h6
28. Kf2 g5 29. h4 b4 30. hxg5 bxc3 31. bxc3 hxg5 32. Rxa5 Qb3 33. Kg3 Rxc3 34.
Qd6 Kg7 35. Ra6 Qe6 36. Qd2 Qxa6 37. Qxc3 Qa4 38. Kg4 Kg6 39. Qc1 Qb3 40. Bxg5
Qe6+ 41. Kh4 Qe7 42. Bxf6 1-0

[Event "AUTO-OPEN-4324"]
[Site "http://www.queenalice.com/game.php?id=1775182"]
[Date "2021.11.19"]
[Round "1"]
[White "Pekerr"]
[Black "RobertD"]
[Result "1-0"]
[WhiteElo "2027"]
[BlackElo "1975"]

1. d4 g6 2. e4 Bg7 3. Nc3 d6 4. Bg5 h6 5. Bh4 g5 6. Bg3 Nc6 7. Bb5 Bd7 8. Nge2
a6 9. Bc4 e6 10. h4 g4 11. h5 f5 12. exf5 exf5 13. Bxg8 Rxg8 14. Bh4 Bf6 15.
Bxf6 Qxf6 16. Nd5 Qd8 17. Nef4 Ne7 18. Nf6+ Kf8 19. Nxg8 Kxg8 20. Qd2 Kh7 21.
O-O-O Qg8 22. d5 Qg5 23. g3 c6 24. dxc6 Bxc6 25. Rhe1 Re8 26. Qxd6 Be4 27. Qe6
Rc8 28. c3 Qg7 29. Rd7 Rxc3+ 30. Kd1 Bf3+ 31. Kd2 1-0

[Event "AUTO-OPEN-4324"]
[Site "http://www.queenalice.com/game.php?id=1775183"]
[Date "2021.11.19"]
[Round "1"]
[White "RobertD"]
[Black "Pekerr"]
[Result "0-1"]
[WhiteElo "1970"]
[BlackElo "2054"]

1. e4 c6 2. f4 e5 3. d3 exf4 4. Bxf4 d5 5. Nc3 Bb4 6. a3 Bxc3+ 7. bxc3 dxe4 8.
dxe4 Qf6 9. Qd2 h6 10. e5 Qe7 11. Nf3 Nd7 12. Bc4 Nb6 13. Bb3 Be6 14. a4 Nd5 15.
Bg3 Qc5 16. Bxd5 Qxd5 17. Qxd5 Bxd5 18. Ke2 Ne7 19. Bf2 Ng6 20. Bg3 O-O-O 21.
Rab1 Rhe8 22. Kf2 Bxf3 23. gxf3 Nxe5 24. Rhd1 Nc4 25. Rxd8+ Rxd8 26. Bf4 g5 27.
Bc1 Rd1 28. Ke2 Rh1 29. Kd3 Ne5+ 30. Ke4 Nd7 31. Ra1 Rxh2 32. Be3 Rxc2 33. Kd3
Rh2 34. Bxa7 f5 35. Bd4 g4 36. fxg4 fxg4 37. Re1 g3 38. Be3 Rh3 39. Rg1 h5 40.
Ke2 h4 41. Bf4 Nc5 42. a5 Nb3 43. Kf3 g2+ 44. Kxg2 Rxc3 45. Rb1 Nxa5 0-1

[Event "AUTO-ADV-4563"]
[Site "http://www.queenalice.com/game.php?id=1775736"]
[Date "2021.11.28"]
[Round "1"]
[White "RobertD"]
[Black "Scharlatan"]
[Result "0-1"]
[WhiteElo "1975"]
[BlackElo "1958"]

1. e4 e6 2. f4 d5 3. e5 c5 4. c3 Nc6 5. Nf3 Nh6 6. Bb5 Bd7 7. d4 a6 8. Bxc6 Bxc6
9. O-O cxd4 10. Nxd4 Bc5 11. Be3 Bxd4 12. cxd4 Nf5 13. Bf2 O-O 14. g4 Ne7 15.
Nc3 Rc8 16. Qf3 f6 17. Qh3 fxe5 18. fxe5 Ng6 19. Bg3 Qb6 20. Rxf8+ Rxf8 21. Bf2
Rxf2 22. Kxf2 Qxb2+ 0-1

[Event "AUTO-ADV-4563"]
[Site "http://www.queenalice.com/game.php?id=1775737"]
[Date "2021.11.28"]
[Round "1"]
[White "Scharlatan"]
[Black "RobertD"]
[Result "0-1"]
[WhiteElo "1998"]
[BlackElo "1957"]

1. e4 e5 2. Nf3 Nc6 3. Bc4 h6 4. d4 exd4 5. O-O d6 6. Nxd4 Nxd4 7. Qxd4 Be6 8.
Bxe6 fxe6 9. f4 c5 10. Qa4+ Qd7 11. Qxd7+ Kxd7 12. Nc3 b6 13. f5 Nf6 14. fxe6+
Kxe6 15. b3 g5 16. Bb2 Bg7 17. Rae1 Nd7 18. Rf2 Rhf8 19. Ref1 Bd4 20. Nd1 Bxf2+
21. Rxf2 Rxf2 22. Nxf2 Ne5 23. Kf1 Rf8 24. Ke2 d5 25. exd5+ Kxd5 26. Bxe5 Kxe5
27. Ng4+ Kd4 28. Nxh6 Kc3 29. Kd1 Rf2 0-1

[Event "AUTO-ADV-4563"]
[Site "http://www.queenalice.com/game.php?id=1775740"]
[Date "2021.11.28"]
[Round "1"]
[White "RobertD"]
[Black "deathbydixxon"]
[Result "0-1"]
[WhiteElo "1823"]
[BlackElo "1941"]

1. e4 e5 2. Bc4 Nf6 3. d3 h6 4. Be3 d5 5. exd5 Nxd5 6. Bxd5 Qxd5 7. Nf3 Bg4 8.
Nc3 Bb4 9. O-O Bxf3 10. Qxf3 Qxf3 11. gxf3 Nc6 12. Ne2 O-O-O 13. c3 Ba5 14. Rad1
f5 15. f4 Rhe8 16. fxe5 Rxe5 17. Nf4 g5 18. Ng2 f4 19. Bc1 Ne7 20. d4 Red5 21.
b4 Bb6 22. a4 a5 23. b5 c6 24. Ba3 Nf5 25. Bb2 cxb5 26. axb5 Kb8 27. c4 R5d7 28.
d5 Nd6 29. Be5 Bc5 30. b6 Bxb6 31. Ra1 Re8 32. Bxd6+ Rxd6 33. Rfe1 Rc8 34. Re4
Ka7 35. Ne1 Ka6 36. Nd3 Bc5 37. Nxc5+ Rxc5 38. Rae1 b5 39. cxb5+ Rxb5 40. Kg2
Rbxd5 0-1

[Event "AUTO-ADV-4563"]
[Site "http://www.queenalice.com/game.php?id=1775741"]
[Date "2021.11.28"]
[Round "1"]
[White "deathbydixxon"]
[Black "RobertD"]
[Result "1-0"]
[WhiteElo "1929"]
[BlackElo "1835"]

1. e4 e5 2. Nf3 d6 3. h3 Be6 4. d4 exd4 5. Nxd4 Nf6 6. Bg5 h6 7. Bh4 Be7 8. Nc3
Nc6 9. Nxc6 bxc6 10. Bd3 Qd7 11. Qe2 O-O 12. O-O Nh7 13. Bxe7 Qxe7 14. e5 d5 15.
Bxh7+ Kxh7 16. Qd3+ g6 17. f4 Bf5 18. Qe2 g5 19. fxg5 Qxg5 20. Qf3 Bg6 21. Qf4
Rae8 22. Qxg5 hxg5 23. Rac1 Rxe5 24. Na4 d4 25. g4 Rfe8 26. b4 Re2 27. Nc5 Rxc2
28. Rxc2 Bxc2 29. Rxf7+ Kg6 30. Rxc7 d3 31. Rd7 Re1+ 32. Kf2 Rd1 33. a4 Ra1 34.
Rd6+ Kf7 35. Ke3 Re1+ 36. Kf2 Re2+ 37. Kf1 Re3 38. Rd7+ Kf6 39. Rd6+ 1-0

[Event "AUTO-MASTER-3076"]
[Site "http://www.queenalice.com/game.php?id=1776014"]
[Date "2021.12.1"]
[Round "1"]
[White "Deo"]
[Black "RobertD"]
[Result "1-0"]
[WhiteElo "2058"]
[BlackElo "1922"]

1. e4 e5 2. Nf3 d6 3. Bc4 h6 4. c3 c5 5. d4 cxd4 6. cxd4 exd4 7. Nxd4 Be7 8. Nc3
a6 9. Nd5 Nf6 10. O-O O-O 11. Nxe7+ Qxe7 12. Nf5 Bxf5 13. exf5 Re8 14. Qb3 b5
15. Bd5 Nxd5 16. Qxd5 Ra7 17. Be3 Rc7 18. Bd4 Qf8 19. f6 g6 20. Rad1 Re6 21. f4
Nd7 22. f5 Nxf6 23. Bxf6 Rxf6 24. fxg6 Rxg6 25. Rf2 Rc5 26. Qd3 Rcg5 27. g3 Qe7
28. Rdf1 Rg7 29. Rf6 Qe5 30. Qxd6 Qe3+ 31. R1f2 h5 32. Qb8+ Kh7 33. Qf4 Qxf4 34.
R2xf4 Rd5 35. Rxa6 Rd2 36. b3 Kg8 37. Ra8+ Kh7 38. Rf5 Kg6 39. Rxb5 f6 40. Rbb8
Rc7 41. Rc8 Rxa2 42. Rg8+ Kf7 43. Rxa2 Kxg8 44. b4 Rc1+ 45. Kg2 Rb1 46. Ra8+ Kf7
47. Rb8 Kg6 48. b5 Kf5 49. b6 Ke6 50. b7 Kd7 51. Rf8 Rxb7 52. Rf7+ Kc8 53. Rxb7
Kxb7 54. Kh3 Kc6 55. Kh4 Kd6 56. Kxh5 Ke6 57. Kg6 f5 58. h4 Ke7 59. Kxf5 1-0

[Event "AUTO-MASTER-3076"]
[Site "http://www.queenalice.com/game.php?id=1776015"]
[Date "2021.12.1"]
[Round "1"]
[White "RobertD"]
[Black "Deo"]
[Result "0-1"]
[WhiteElo "1937"]
[BlackElo "1954"]

1. f4 d5 2. Nf3 Nc6 3. d4 Bf5 4. c3 Nf6 5. h3 Ne4 6. g4 Bd7 7. Nbd2 e6 8. Nxe4
dxe4 9. Ng5 Be7 10. Nxe4 Bh4+ 11. Nf2 Bxf2+ 12. Kxf2 Qh4+ 13. Ke3 Qg3+ 14. Kd2
Qxf4+ 15. Kd3 Qg3+ 16. Be3 Ne7 17. Rg1 Qd6 18. Kc2 Nd5 19. Bf2 Rc8 20. e4 Qf4
21. exd5 Qxf2+ 22. Be2 O-O 23. Qd3 exd5 24. Raf1 Qh4 25. Rf3 c5 26. Rgf1 cxd4
27. Qxd4 Be6 28. a3 b6 29. R1f2 Qe7 30. Bd3 Qc5 31. Qe5 d4 32. Qxc5 Rxc5 33. Ba6
dxc3 34. bxc3 Ra5 35. Bd3 Rxa3 36. g5 Ra2+ 37. Kb1 Rxf2 38. Rxf2 g6 39. h4 Rc8
40. Kb2 Bc4 41. Kc2 Bxd3+ 42. Kxd3 b5 43. Rf4 a5 44. Rd4 a4 45. Kc2 Rc7 46. Rb4
Rc5 47. Kd3 Kg7 48. Kd4 Rf5 49. Ke4 f6 50. gxf6+ Kxf6 51. c4 bxc4 52. Rxa4 Rh5
0-1

[Event "AUTO-MASTER-3076"]
[Site "http://www.queenalice.com/game.php?id=1776024"]
[Date "2021.12.1"]
[Round "1"]
[White "madriles"]
[Black "RobertD"]
[Result "1-0"]
[WhiteElo "1902"]
[BlackElo "1964"]

1. d4 d5 2. c4 e6 3. Nf3 h6 4. e3 c6 5. Nc3 Bb4 6. Bd2 Bxc3 7. Bxc3 Nf6 8. cxd5
cxd5 9. Bd3 Nc6 10. O-O O-O 11. b4 Ne4 12. Be1 f5 13. b5 Ne7 14. Ne5 Rf6 15. f3
Nd6 16. f4 Ng6 17. Nxg6 Rxg6 18. Qh5 Qe8 19. Be2 Nxb5 20. Bxb5 Qf7 21. Be2 Bd7
22. Qh4 a5 23. Bh5 Bb5 24. Rf3 Qf6 25. Bxg6 Qxg6 26. Rg3 Qh7 27. Rc1 Bc6 28. Rc5
a4 29. Bb4 Kf7 30. Ra5 Rxa5 31. Qe7+ Kg8 32. Qf8# 1-0

[Event "AUTO-MASTER-3076"]
[Site "http://www.queenalice.com/game.php?id=1776025"]
[Date "2021.12.1"]
[Round "1"]
[White "RobertD"]
[Black "madriles"]
[Result "1-0"]
[WhiteElo "1956"]
[BlackElo "1916"]

1. e4 e5 2. Bc4 Nf6 3. d3 Nc6 4. Be3 d5 5. exd5 Nxd5 6. Bxd5 Qxd5 7. Nf3 Bg4 8.
Nbd2 O-O-O 9. h3 Be6 10. Nc4 h6 11. Qe2 g5 12. Bd2 f6 13. a3 g4 14. hxg4 Bxg4
15. Ne3 Qe6 16. Nxg4 Qxg4 17. O-O-O Qxg2 18. Rdg1 Nd4 19. Nxd4 Qd5 20. Nb3 b6
21. Kb1 a5 22. Be3 Qb5 23. Ka2 e4 24. Nd4 Qd5+ 25. c4 Qe6 26. Nxe6 1-0

[Event "AUTO-OPEN-4288"]
[Site "http://www.queenalice.com/game.php?id=1777126"]
[Date "2021.12.13"]
[Round "3"]
[White "RobertD"]
[Black "greggy"]
[Result "0-1"]
[WhiteElo "1894"]
[BlackElo "2889"]

1. d4 f5 2. c4 e6 3. Nc3 Nf6 4. e3 b6 5. Nf3 Bb4 6. a3 Bxc3+ 7. bxc3 c5 8. Be2
O-O 9. Bb2 Ne4 10. O-O Nc6 11. Qc2 Na5 12. Nd2 Nxd2 13. Qxd2 Nb3 14. Qd1 Nxa1
15. Bxa1 Bb7 16. Bf3 Bxf3 0-1

[Event "AUTO-ADV-4484"]
[Site "http://www.queenalice.com/game.php?id=1777727"]
[Date "2021.12.20"]
[Round "2"]
[White "RobertD"]
[Black "jpribeiro"]
[Result "0-1"]
[WhiteElo "1846"]
[BlackElo "2062"]

1. e4 e5 2. Nf3 Nf6 3. Bc4 d5 4. exd5 Nxd5 5. Nxe5 Be6 6. Bxd5 Qxd5 7. Nf3 Qe4+
8. Kf1 Bg4 9. Qe2 Qxe2+ 10. Kxe2 Bd6 11. h3 Be6 12. d3 h6 13. a3 O-O 14. Be3 Nd7
15. c3 Rfe8 16. Kd2 Ne5 17. Nxe5 Bxe5 18. d4 Rad8 19. Kc2 Bf5+ 20. Kc1 Bf6 21.
b4 b6 0-1

[Event "AUTO-ADV-4484"]
[Site "http://www.queenalice.com/game.php?id=1777728"]
[Date "2021.12.20"]
[Round "2"]
[White "jpribeiro"]
[Black "RobertD"]
[Result "1-0"]
[WhiteElo "2041"]
[BlackElo "1855"]

1. e4 e5 2. Nf3 d6 3. d4 exd4 4. Nxd4 Nf6 5. Bb5+ c6 6. Bd3 Be7 7. c4 O-O 8. Qc2
h6 9. O-O Nbd7 10. f4 c5 11. Nb3 Ne8 12. Rf3 Kh8 13. Qc3 Bf6 14. Qe1 g6 15. f5
g5 16. Qe2 Be5 17. N3d2 g4 18. Rf1 Qh4 19. g3 Qf6 20. Nb3 b6 21. Qxg4 Rg8 22.
Qh3 Kh7 23. Kh1 Bxb2 24. Bxb2 Qxb2 25. N1d2 1-0

[Event "AUTO-MASTER-3080"]
[Site "http://www.queenalice.com/game.php?id=1778216"]
[Date "2021.12.24"]
[Round "1"]
[White "andreavb"]
[Black "RobertD"]
[Result "1-0"]
[WhiteElo "2084"]
[BlackElo "1911"]

1. e4 e5 2. Nf3 d6 3. Bc4 h6 4. d4 exd4 5. Nxd4 Nf6 6. Nc3 Be7 7. O-O O-O 8. Be3
Nc6 9. Qd2 Nxd4 10. Bxd4 c6 11. Rad1 Be6 12. Bd3 c5 13. Be3 1-0

[Event "AUTO-MASTER-3080"]
[Site "http://www.queenalice.com/game.php?id=1778217"]
[Date "2021.12.24"]
[Round "1"]
[White "RobertD"]
[Black "andreavb"]
[Result "0-1"]
[WhiteElo "1902"]
[BlackElo "2093"]

1. d4 d5 2. c4 c6 3. e3 Nf6 4. Be2 Bf5 5. Nf3 e6 6. Bd2 Be7 7. Bc3 O-O 8. c5 b5
9. b4 Ne4 10. Bb2 a5 11. a3 a4 12. Nbd2 Nd7 13. Nxe4 Bxe4 0-1

[Event "AUTO-MASTER-3080"]
[Site "http://www.queenalice.com/game.php?id=1778226"]
[Date "2021.12.24"]
[Round "1"]
[White "RobertD"]
[Black "dave_j"]
[Result "0-1"]
[WhiteElo "1946"]
[BlackElo "2110"]

1. e4 e6 2. f4 b6 3. Nf3 Bb7 4. d3 g6 5. Be2 Bg7 6. O-O c5 7. Nc3 a6 8. Be3 Ne7
9. d4 Qc7 10. dxc5 bxc5 11. Qd2 O-O 12. e5 Nf5 13. Bf2 d5 14. exd6 Nxd6 15. Rad1
Nf5 16. g4 Nd4 17. Kg2 Nbc6 18. Rg1 Rfd8 19. Qc1 Nxe2 20. Qe3 Nxg1 21. Rxd8+
Rxd8 22. Bxg1 Bd4 23. Qc1 Bxg1 24. Kxg1 Nd4 25. Nxd4 Rxd4 0-1

[Event "AUTO-MASTER-3080"]
[Site "http://www.queenalice.com/game.php?id=1778227"]
[Date "2021.12.24"]
[Round "1"]
[White "dave_j"]
[Black "RobertD"]
[Result "1-0"]
[WhiteElo "2102"]
[BlackElo "1975"]

1. d4 b6 2. e4 Bb7 3. Nc3 g6 4. Nf3 Bg7 5. Bc4 e6 6. O-O d6 7. Re1 Nd7 8. e5
dxe5 9. dxe5 Bxf3 10. gxf3 Nxe5 11. Qe2 Nxc4 12. Qxc4 c5 13. Rd1 Qc8 14. Nb5 Bf8
15. Bf4 Be7 16. Nc7+ Kf8 17. Nxa8 Qxa8 18. Rd3 Nf6 19. Bh6+ Kg8 20. Qc3 1-0